|
|
|
|
| LEADER |
01018nam a2200265 a 4500 |
| 001 |
000486768 |
| 003 |
CZ BrMZK |
| 005 |
20101022111454.0 |
| 007 |
ta |
| 008 |
000105s1983 gw f ger d |
| 040 |
|
|
|a BOA001
|b cze
|
| 080 |
|
|
|a 312.6:618.8
|2 MRF
|
| 080 |
|
|
|a 618.8:312.6
|2 MRF
|
| 100 |
1 |
|
|a Raff, Wolfgang
|4 dis
|
| 245 |
1 |
0 |
|a Zur Häufigkeit und Genese von Fehlbildungen und zerebralen Schädigungen bei Kindern epileptischer Mütter /
|c Wolfgang Raff
|
| 260 |
|
|
|a Tübingen :
|b W. Raff,
|c 1983
|
| 300 |
|
|
|a 114 s.
|
| 502 |
|
|
|a Disertace--Universität Tübingen, Medizinische Fakultät, 1983
|
| 710 |
2 |
|
|a Universität Tübingen.
|b Medizinische Fakultät
|7 xx0109384
|
| 910 |
|
|
|a BOA001
|b 2-0869.648
|
| 964 |
|
|
|a Mozek - poškození - děti - matky epileptické - studie statistické
|
| 964 |
|
|
|a Matky epileptické - děti - mozek - poškození - studie statistické
|
| 990 |
|
|
|a BK
|
| 991 |
|
|
|b 201010
|
| 996 |
7 |
|
|b 2619721104
|c 2-0869.648
|l MZK
|r Sklad / do 1 hodiny
|n 2
|w 000486768
|u 000010
|a 1
|e BOA001
|j MZK50
|s A
|